| 000 | 00593nam a22002177a 4500 | ||
|---|---|---|---|
| 001 | 9437 | ||
| 003 | FISKH | ||
| 005 | 20260108103619.0 | ||
| 008 | 260108b cb ||||| |||| 00| 0 eng d | ||
| 020 | _a9789995085346 | ||
| 040 |
_aFISKH _beng _cFISKH _dFISKH |
||
| 082 | _a741.5 | ||
| 100 | _aSatya , Em | ||
| 245 |
_aFlower of Battambang / _cBy Em Satya |
||
| 260 |
_aPhnom Penh : _bOur Books , _c2006 . |
||
| 300 |
_a100 pages : _billustrations ; _c20 cm . |
||
| 700 |
_aSantepheap , Lim _eEditor |
||
| 700 |
_aWeeks , John _eAssistant Editor |
||
| 942 |
_2ddc _cBK _n0 |
||
| 999 |
_c9437 _d9437 |
||